LEADER 03204oam 22006374a 450 001 9910962584203321 005 20251117085737.0 010 $a1-5261-2085-2 010 $a1-5261-0826-7 024 7 $a10.7765/9781526108265 035 $a(CKB)3710000001018575 035 $a(StDuBDS)EDZ0001665935 035 $a(OCoLC)1119621343 035 $a(MdBmJHUP)muse77796 035 $a(MiAaPQ)EBC4786650 035 $a(DE-B1597)659449 035 $a(DE-B1597)9781526108265 035 $a(EXLCZ)993710000001018575 100 $a20190829e20192016 uy 0 101 0 $aeng 135 $aur||||||||||| 181 $2rdacontent 181 $2rdacontent 182 $2rdamedia 183 $2rdacarrier 200 10$aNo solution$eThe Labour government and the Northern Ireland conflict, 1974?79 /$fS.C. Aveyard 205 $a1st ed. 210 1$aBaltimore, Maryland :$cProject Muse,$d2019 210 3$aBaltimore, Md. :$cProject MUSE,$d2019 210 4$d©2019 215 $a1 online resource $cillustrations (black and white) 300 $aPreviously issued in print: 2016. 311 08$a0-7190-9640-5 320 $aIncludes bibliographical references (pages [254]-264) and index. 327 $aBackground : British Labour and Northern Ireland, 1964-74 -- The collapse of power-sharing -- Drift? -- Negotiating the Provisional IRA ceasefire -- Fraying at the edges : the Provisional IRA ceasefire -- After the ceasefire -- Police primacy and the myth of Ulsterisation -- 'Positive direct rule' : economic policy -- Political inertia -- The evolution of the long war. 330 $aUtilising a wide range of archival correspondence and diaries, this monograph reconstructs the 1974-79 Labour government's policies in Northern Ireland. It covers the collapse of power-sharing in May 1974, the secret dialogue with the Provisional IRA during the 1975 ceasefire, the acquiescence of Labour ministers in continuing indefinite direct rule from Westminster, efforts to mitigate conflict through industrial investment, a major shift in security policy emphasizing the police over the army, the adaptation of republicans to the threat of these new measures and their own adoption of a 'Long War' strategy. In so doing, it sheds light on the challenges faced by British ministers, civil servants, soldiers and policemen and the reasons why the conflict lasted so long. It will be a key text for researchers and students of both British and Northern Irish politics. 606 $aHISTORY / General$2bisacsh 607 $aNorthern Ireland$xRelations$zGreat Britain 607 $aGreat Britain$xRelations$zNorthern Ireland 607 $aNorthern Ireland$xPolitics and government$y1968-1998 607 $aGreat Britain$xPolitics and government$y1964-1979 610 $aBritish politics. 610 $aConflict. 610 $aCounter-terrorism. 610 $aLabour. 610 $aNorthern Ireland. 610 $aTerrorism. 615 7$aHISTORY / General. 676 $a941.60824 700 $aAveyard$b S. C.$01881713 801 0$bMdBmJHUP 801 1$bMdBmJHUP 906 $aBOOK 912 $a9910962584203321 996 $aNo solution$94496486 997 $aUNINA LEADER 06328nam 22007575 450 001 9910484940603321 005 20251226203916.0 010 $a1-282-33202-3 010 $a9786612332029 010 $a3-642-02930-2 024 7 $a10.1007/978-3-642-02930-1 035 $a(CKB)1000000000761216 035 $a(EBL)450389 035 $a(OCoLC)437345741 035 $a(DE-He213)978-3-642-02930-1 035 $a(MiAaPQ)EBC450389 035 $a(MiAaPQ)EBC6511691 035 $a(Au-PeEL)EBL6511691 035 $z(PPN)204537061 035 $a(PPN)136310648 035 $a(EXLCZ)991000000000761216 100 $a20100301d2009 u| 0 101 0 $aeng 135 $aur|n|---||||| 181 $ctxt$2rdacontent 182 $cc$2rdamedia 183 $acr$2rdacarrier 200 10$aAutomata, Languages and Programming $e36th International Colloquium, ICALP 2009, Rhodes, Greece, July 5-12, 2009, Proceedings, Part II /$fedited by Susanne Albers, Alberto Marchetti-Spaccamela, Yossi Matias, Sotiris Nikoletseas, Wolfgang Thomas 205 $a1st ed. 2009. 210 1$aBerlin, Heidelberg :$cSpringer Berlin Heidelberg :$cImprint: Springer,$d2009. 215 $a1 online resource (616 p.) 225 1 $aTheoretical Computer Science and General Issues,$x2512-2029 ;$v5556 300 $aIncludes index. 311 08$a3-642-02929-9 327 $aTrack B: Invited Lectures -- A Survey of Stochastic Games with Limsup and Liminf Objectives -- Tractable Optimization Problems through Hypergraph-Based Structural Restrictions -- Track B: Contributed Papers -- Deciding Safety Properties in Infinite-State Pi-Calculus via Behavioural Types -- When Are Timed Automata Determinizable? -- Faithful Loops for Aperiodic E-Ordered Monoids -- Boundedness of Monadic Second-Order Formulae over Finite Words -- Semilinear Program Feasibility -- Floats and Ropes: A Case Study for Formal Numerical Program Verification -- Reachability in Stochastic Timed Games -- Equations Defining the Polynomial Closure of a Lattice of Regular Languages -- Approximating Markov Processes by Averaging -- The Theory of Stabilisation Monoids and Regular Cost Functions -- A Tight Lower Bound for Determinization of Transition Labeled Büchi Automata -- On Constructor Rewrite Systems and the Lambda-Calculus -- On Regular Temporal Logics with Past, -- Forward Analysis for WSTS, Part II: Complete WSTS -- Qualitative Concurrent Stochastic Games with Imperfect Information -- Diagrammatic Confluence and Completion -- Complexity of Model Checking Recursion Schemes for Fragments of the Modal Mu-Calculus -- LTL Path Checking Is Efficiently Parallelizable -- An Explicit Formula for the Free Exponential Modality of Linear Logic -- Decidability of the Guarded Fragment with the Transitive Closure -- Weak Alternating Timed Automata -- A Decidable Characterization of Locally Testable Tree Languages -- The Complexity of Nash Equilibria in Simple Stochastic Multiplayer Games -- Track C: Invited Lecture -- Google?s Auction for TV Ads -- Track C: Contributed Papers -- Graph Sparsification in the Semi-streaming Model -- Sort Me If You Can: How to Sort Dynamic Data -- Maximum Bipartite Flow in Networks withAdaptive Channel Width -- Mediated Population Protocols -- Rumor Spreading in Social Networks -- MANETS: High Mobility Can Make Up for Low Transmission Power -- Multiple Random Walks and Interacting Particle Systems -- Derandomizing Random Walks in Undirected Graphs Using Locally Fair Exploration Strategies -- On a Network Generalization of the Minmax Theorem -- Rate-Based Transition Systems for Stochastic Process Calculi -- Improved Algorithms for Latency Minimization in Wireless Networks -- Efficient Methods for Selfish Network Design -- Smoothed Analysis of Balancing Networks -- Names Trump Malice: Tiny Mobile Agents Can Tolerate Byzantine Failures -- Multi-armed Bandits with Metric Switching Costs -- Algorithms for Secretary Problems on Graphs and Hypergraphs -- Leader Election in Ad Hoc Radio Networks: A Keen Ear Helps -- Secure Function Collection with Sublinear Storage -- Worst-Case Efficiency Analysis of Queueing Disciplines -- On Observing Dynamic Prioritised Actions in SOC -- A Distributed and Oblivious Heap -- Proportional Response Dynamics in the Fisher Market. 330 $aThe two-volume set LNCS 5555 and LNCS 5556 constitutes the refereed proceedings of the 36th International Colloquium on Automata, Languages and Programming, ICALP 2009, held in Rhodes, Greece, in July 2009. The 126 revised full papers (62 papers for track A, 24 for track B, and 22 for track C) presented were carefully reviewed and selected from a total of 370 submissions. The papers are grouped in three major tracks on algorithms, automata, complexity and games; on logic, semantics, theory of programming, as well as on foundations of networked computation: models, algorithms and information management. LNCS 5556 contains 46 contributions of tracks B and C selected from 147 submissions as well as 2 invited lectures. This two-volume set lauches the new subline of Lecture Notes in Computer Science, entitled LNCS Advanced Research in Computing and Software Science (ARCoSS). 410 0$aTheoretical Computer Science and General Issues,$x2512-2029 ;$v5556 606 $aSoftware engineering 606 $aComputer programming 606 $aComputer science 606 $aComputer science$xMathematics 606 $aDiscrete mathematics 606 $aSoftware Engineering 606 $aProgramming Techniques 606 $aTheory of Computation 606 $aDiscrete Mathematics in Computer Science 606 $aMathematics of Computing 615 0$aSoftware engineering. 615 0$aComputer programming. 615 0$aComputer science. 615 0$aComputer science$xMathematics. 615 0$aDiscrete mathematics. 615 14$aSoftware Engineering. 615 24$aProgramming Techniques. 615 24$aTheory of Computation. 615 24$aDiscrete Mathematics in Computer Science. 615 24$aMathematics of Computing. 676 $a005.131 702 $aAlbers$b Susanne 801 0$bMiAaPQ 801 1$bMiAaPQ 801 2$bMiAaPQ 906 $aBOOK 912 $a9910484940603321 996 $aAutomata, languages and programming$9339738 997 $aUNINA LEADER 04905oam 2201237 c 450 001 9910476901603321 005 20260302090207.0 010 $a9783839457849 010 $a383945784X 024 7 $a10.14361/9783839457849 035 $a(CKB)5590000000444199 035 $a(DE-B1597)577774 035 $a(OCoLC)1248759168 035 $a(DE-B1597)9783839457849 035 $a(MiAaPQ)EBC6757810 035 $a(Au-PeEL)EBL6757810 035 $a(transcript Verlag)9783839457849 035 $a(MiAaPQ)EBC6956348 035 $a(Au-PeEL)EBL6956348 035 $a(oapen)https://directory.doabooks.org/handle/20.500.12854/68116 035 $a(MiAaPQ)EBC30591583 035 $a(Au-PeEL)EBL30591583 035 $a(ScCtBLL)914f0e25-8949-4103-be57-a799bea17a23 035 $a(Perlego)2232043 035 $a(EXLCZ)995590000000444199 100 $a20260302d2021 uy 0 101 0 $ager 135 $aur||#|||||||| 181 $ctxt$2rdacontent 182 $cc$2rdamedia 183 $acr$2rdacarrier 200 00$aWie können wir den Schaden maximieren?$eGestaltung trotz Komplexität. Beiträge zu einem Public Interest Design$fChristoph Rodatz, Pierre Smolarski 205 $a1st ed. 210 $aBielefeld$ctranscript Verlag$d2021 215 $a1 online resource (234 p.) 225 0 $aPublic Interest Design 311 08$a9783837657845 311 08$a3837657841 327 $tFrontmatter --$tINHALT --$tSchaden maximieren? Wem nützt diese Frage? --$tDie Avantgarde des Bösen --$tKommunikationsdesign, Ethik und Aufklärung --$tSocial Design unter Verdacht --$tSchädliches Design --$tKann Design gesellschaftskritisch sein? --$tKriterien für gutes Design, die den Schaden maximieren --$tWie wollen wir eigentlich leben? --$tWas nicht passt, wird passend gemacht: Design und Unterdrückung --$tDie Inszenierung demokratischer Erlebnisse --$tVereindeutigen vs. Übersetzen --$tDesign oder nicht Design? --$tDesign und die Herstellung des Obsoleten 330 $aDie Rufe nach positiver Veränderung, nach gesellschaftlicher Transformation und bisweilen gar nach Weltrettung sind laut. Doch das Potential eines weltentwerfenden Designs wird mitunter maßlos überschätzt. Vor allem fehlt es bei aller Aufbruchstimmung an einem Korrektiv, einem Bezugspunkt, der auch die Kosten in Rechnung stellt. Unsere Antwort auf die Frage, wie sich das Wahre, Schöne und Gute zum Durchbruch bringen lässt, ist eine Frage: Wie können wir den Schaden maximieren?Sie ist nichts anderes als das notwendige Korrektiv der Frage »Wie können wir den Nutzen vergrößern?« Erst Grenzen ermöglichen Freiheit. Die Beiträge des Bandes zeigen: Wenn auf beide Fragen die gleichen Antworten kommen, kann die Lust am Gestalten losgehen. 330 1 $aBesprochen in:https://www.arcguide.de, 20.04.2021https://conventions.hypotheses.org, 26.05.2021Grafikmagazin, 4 (2022) 410 0$aPublic Interest Design 517 2 $aRodatz/Smolarski (Hg.), Wie können wir den Schaden maximieren?$eGestaltung trotz Komplexität. Beiträge zu einem Public Interest Design 606 $aDesign 606 $aCritique 606 $aKritik 606 $aPolitics 606 $aGesellschaft 606 $aSociety 606 $aPolitik 606 $aAesthetics 606 $aÄsthetik 606 $aShaping 606 $aGestaltung 606 $aPerception 606 $aWahrnehmung 606 $aLiberty 606 $aFreiheit 606 $aMedia 606 $aMedien 606 $aDiy 606 $aDIY 606 $aConsumer Critique 606 $aKonsumkritik 606 $aStadtplanung 606 $aUrban Planning 606 $aParticipation 606 $aPartizipation 606 $aDemokratie 606 $aDemocracy 615 4$aDesign 615 4$aCritique 615 4$aKritik 615 4$aPolitics 615 4$aGesellschaft 615 4$aSociety 615 4$aPolitik 615 4$aAesthetics 615 4$aÄsthetik 615 4$aShaping 615 4$aGestaltung 615 4$aPerception 615 4$aWahrnehmung 615 4$aLiberty 615 4$aFreiheit 615 4$aMedia 615 4$aMedien 615 4$aDiy 615 4$aDIY 615 4$aConsumer Critique 615 4$aKonsumkritik 615 4$aStadtplanung 615 4$aUrban Planning 615 4$aParticipation 615 4$aPartizipation 615 4$aDemokratie 615 4$aDemocracy 676 $a745.4 702 $aRodatz$b Christoph$p
Christoph Rodatz, Bergische Universität Wuppertal, Deutschland
$4edt 702 $aSmolarski$b Pierre$pPierre Smolarski, Bergische Universität Wuppertal, Deutschland
$4edt 801 0$bDE-B1597 801 1$bDE-B1597 906 $aBOOK 912 $a9910476901603321 996 $aWie ko?nnen wir den Schaden maximieren$94415065 997 $aUNINA